ბათუმის შოთა რუსთაველის სახელმწიფო უნივერსიტეტის ბიბლიოთეკა

ლიტერატურული წერილები (ბიბ.ჩანაწერი № 49092)

000 -LEADER
fixed length control field 00657nam a2200205Ia 4500
001 - CONTROL NUMBER
control field 15999
003 - CONTROL NUMBER IDENTIFIER
control field GE_BSU
008 - FIXED-LENGTH DATA ELEMENTS--GENERAL INFORMATION
fixed length control field 181216s||||||||xx |||||||||||||| ||und||
040 ## - CATALOGING SOURCE
Transcribing agency GE_BSU
080 ## - UNIVERSAL DECIMAL CLASSIFICATION NUMBER
Universal Decimal Classification number 821.353.1.09
100 ## - MAIN ENTRY--PERSONAL NAME
Personal name ალიმონაკი, ლერი
245 ## - TITLE STATEMENT
Title ლიტერატურული წერილები
245 ## - TITLE STATEMENT
Statement of responsibility, etc. რედ. ალ.ბაქრაძე. მხ. გ. წერეთელი
260 ## - PUBLICATION, DISTRIBUTION, ETC.
Place of publication, distribution, etc. თბილისი
260 ## - PUBLICATION, DISTRIBUTION, ETC.
Name of publisher, distributor, etc. მერანი
260 ## - PUBLICATION, DISTRIBUTION, ETC.
Date of publication, distribution, etc. 1974
300 ## - PHYSICAL DESCRIPTION
Extent 179გვ. ; 20სმ
653 ## - INDEX TERM--UNCONTROLLED
Uncontrolled term ლიტერატურული წერილები
942 ## - ADDED ENTRY ELEMENTS (KOHA)
Koha item type წიგნი
ეგზემპლარები
Withdrawn status Lost status Damaged status Not for loan Date acquired Barcode Date last seen Price effective from Koha item type
        2018-12-17 39803 2018-12-17 2018-12-17 წიგნი